000 00271nam a22001097a 4500
008 160518b xxu||||| |||| 00| 0 eng d
020 _a0803601301
041 _aeng
080 _a61
245 _aPractical guide to health assessment;
_cMildred O. Hogstel;
942 _2udc
_cBK
999 _c2192
_d2192